New Zealand Supermarkets Quiz Stats

 Plays Quiz not verified by Sporcle

Support Sporcle.
Go Orange.
Score 0/6 Timer 02:00
0 Plays Today
% Correct
Countdown
94.3%
New World
92.9%
Pak'n Save
78.6%
Four Square
66.4%
Fresh Choice
26.4%
Super Value
25%

You're not logged in!

Compare scores with friends on all Sporcle quizzes.
OR
Log In

From the Vault

Oceania Capital Match

by sproutcm

Luckily, you don't have to try and spell any of these capitals.
Remove Ads.
Support Sporcle.
Get the best of Sporcle when you Go Orange. This ad-free experience offers more features, more stats, and more fun while also helping to support Sporcle. Thank you for becoming a member.

Show Comments

Extras

Created Mar 24, 2012ReportNominate
Tags:New Zealand, Supermarket

Top Quizzes Today


Score Distribution

Your Account Isn't Verified!

In order to create a playlist on Sporcle, you need to verify the email address you used during registration. Go to your Sporcle Settings to finish the process.

Report this User

Report this user for behavior that violates our Community Guidelines.

Details: